000 00518nam a2200169 a 4500
001 000016744
005 20200929164944.0
008 100310s1971 dr 000 0 spa d
040 _aDO-SdBNP
_bspa
_cBNPHU
082 _axxx
_bR426l
110 1 _aRepública Dominicana
_9447
240 1 0 _a[ leyes, etc.]
245 0 _aLey No. 385 del 11 de noviembre de 1932 sobre accidentes del trabajo.
260 _aSanto Domingo :
_bInstituto Dominicano de Seguros Sociales,
_c1971.
300 _a37 p. ;
_c23 cm.
049 _aBNPD
999 _c16276
_d16276